000 00760nam a2200217 4500
010 _aB-259195
020 _a9781857434125
_c00.00
037 _aCen Lib/Ret
040 _aDPL
_bEN
082 _a050
_bEUR
245 _aThe Europa world year book 2007 /
250 _a48th ed
260 _aLondon
_bRoutledge
_c2007
270 _aHarines House, 21 John Street
_bLondon
300 _a2 v. ; (v 1. 2562 ; v 2. 2563-5042 )
500 _aincludes index
500 _a2 v. ; v 1. International origination countries: Afghanistan- Jordan (available) ; v 2. Countries: Kazakhstan- Zimbabwe (available)
650 _aSocial indicators -- Periodicals.
650 _aEconomic indicators -- Periodicals
942 _2ddc
_cEN
_h050
_mEUR
999 _c136370
_d136370